LEADER 01176nam a2200265 i 4500 001 000000229695 003 CaOOAMICUS 005 20231207095513.0 008 140515s2006 it u000 u ita u 020 $a978-88-7210-351-7 040 $aSeMil$bita 100 1 $aCaprio, Stefano,$d<1960- >.$0(OLS)http://semarc/name/79271 245 10$aV. I. Nesmelov e l'antropologia religiosa russa /$cStefano Caprio. 264 1$aRoma :$bPontificio Istituto Orientale,$c2006. 300 $a281 p. ;$c24 cm. 490 1 $aOrientalia Christiana Analecta ;$v276 600 14$aNesmelov, Viktor Ivanovic <1863-1937>.$0(OLS)http://semarc/subject/41340 830 0$aOrientalia Christiana Analecta ;$v276.$0(OLS)http://semarc/title/100 850 $aSeMil 852 $aSeMil$W1$xVenegono$y1$m2K IV 312$j180041$B180041$CSeMilBibl$Z2$F191134 $81 961 $aAcquisto: LI.CO.SA 996 $6020$a978-88-7210-351-7$9(OLS)http://semarc/number/232222 996 $6245$aV. I. Nesmelov e l'antropologia religiosa russa$9(OLS)http://semarc/title/328468 996 $6264$aRoma :$bPontificio Istituto Orientale$9(OLS)http://semarc/publisher/29652 LEADER 01335nam a2200277 i 4500 001 000000105736 003 CaOOAMICUS 005 20021203000000.0 008 021203s2001 it u000 u ita u 013 $a77930 020 $a88-7152-632-5 040 $aSeMil$bita 100 1 $aGarcea, Nicola.$0(OLS)http://semarc/name/44529 245 10$aFecondazione extra corporea pro o contro l'Uomo? /$cN. Garcea ... [et al.] ; A cura di Giuseppe Garrone Federazione MpV del Piemonte ; Prefazione di Vittorio Possenti. 260 $aMilano :$bGribaudi,$ccopyr. 2001. 300 $a143 p. :$bill. ;$c21 cm. 500 $aAtti del convegno "FIVET : per o contro l'uomo", tenutosi a Torino al Lingotto, il 28-29 ottobre 2000. 650 4$aFecondazione artificiale.$0(OLS)http://semarc/subject/8400 700 1 $aPossenti, Vittorio,$d<1938- >.$0(OLS)http://semarc/name/3865 700 1 $aGarrone, Giuseppe <1939-2011>.$0(OLS)http://semarc/name/44530 850 $aSeMil 852 $aSeMil$W1$xVenegono$y1$m2E II 386$j61898$B61898$CSeMilBibl$Z2$F75177 $81 961 $aOmaggio: Giudici Ecc. Giovanni 996 $6020$a88-7152-632-5$9(OLS)http://semarc/number/85943 996 $6245$aFecondazione extra corporea pro o contro l'Uomo?$9(OLS)http://semarc/title/153127 996 $6260$aMilano :$bGribaudi$9(OLS)http://semarc/publisher/31240